000 01044am a2200337a 44500
003 AR-BaBNM
005 20251128210538.0
008 011101s1999 #AR|||||||||||000 | spa||
020 _a950-808-253-6
040 _cAR-BaBNM
100 1 _aOjeda, Lilián
245 1 0 _aOrientación vocacional
_bla búsqueda de información : nuevos recursos
260 _aRosario
_bHomo Sapiens Ediciones
_c1999
300 _a116 p.
_bil., gráfs.
490 0 _aEducación
500 _aEste texto se complementa con un CD. cuyo número de inventario es 750445.
650 4 _aPROCESO COGNOSCITIVO
650 4 _aBUSQUEDA DE INFORMACION
650 4 _aSERVICIOS DE INFORMACION
650 4 _aSISTEMAS DE INFORMACION
653 _aINFORMACION EDUCATIVA
653 _aORIENTACION VOCACIONAL
653 _aINTERNET
653 _aSOFTWARE
653 _aORIENTACION EDUCATIVA
700 1 _aCastellanos, Nora
_ecolaborador
700 1 _aEchen, Roberto
_ecolaborador
700 1 _aRuggeroni, Carlos
_ecolaborador
942 _cBK
998 _cRaquel
999 _c15885
_d15885